MARC details
| 000 -CABECERA |
| campo de control de longitud fija |
01386nam a2200241 a 4500 |
| 001 - NÚMERO DE CONTROL |
| campo de control |
000003935 |
| 005 - FECHA Y HORA DE LA ÚLTIMA TRANSACCIÓN |
| campo de control |
20240412074201.0 |
| 008 - DATOS DE LONGITUD FIJA--INFORMACIÓN GENERAL |
| campo de control de longitud fija |
090715s2008 dr 001 0 spa d |
| 020 ## - NÚMERO INTERNACIONAL ESTÁNDAR DEL LIBRO |
| Número Internacional Estándar del Libro |
9789945161380 |
| 040 ## - FUENTE DE LA CATALOGACIÓN |
| Centro catalogador/agencia de origen |
DO-SdBNP |
| Lengua de catalogación |
spa |
| Centro/agencia transcriptor |
BNPHU |
| 082 ## - NÚMERO DE LA CLASIFICACIÓN DECIMAL DEWEY |
| Número de clasificación |
RD863.5 |
| Número de documento/Ítem |
B483m, 2008 |
| 049 ## - FONDOS LOCALES (OCLC) |
| Fondos de biblioteca |
BNPD |
| 100 1# - ENTRADA PRINCIPAL--NOMBRE DE PERSONA |
| Nombre de persona |
Beras, Vicente, |
| Fechas asociadas al nombre |
1967- |
| 9 (RLIN) |
683 |
| 245 10 - MENCIÓN DE TÍTULO |
| Título |
Mirando los ladrones por dentro / |
| Mención de responsabilidad, etc. |
Vicente Beras. |
| 250 ## - MENCIÓN DE EDICIÓN |
| Mención de edición |
2a ed. |
| 260 ## - PUBLICACIÓN, DISTRIBUCIÓN, ETC. |
| Lugar de publicación, distribución, etc. |
Santo Domingo : |
| Nombre del editor, distribuidor, etc. |
Fomento Lector Editores, |
| Fecha de publicación, distribución, etc. |
2008. |
| 300 ## - DESCRIPCIÓN FÍSICA |
| Extensión |
151 p. ; |
| Dimensiones |
21 cm. |
| 500 ## - NOTA GENERAL |
| Nota general |
Incluye datos biográficos del autor en la solapa. |
| 505 0# - NOTA DE CONTENIDO CON FORMATO |
| Título |
¿A quién? -- |
| -- |
Primer comentario -- |
| -- |
Segundo comentario -- |
| -- |
Tercer comentario -- |
| -- |
Primer ladrón -- |
| -- |
Monopolios -- |
| -- |
Un ladrón muy personal -- |
| -- |
Aquí atrás, en el patio -- |
| -- |
La primera papeleta -- |
| -- |
Simple necesidad -- |
| -- |
Frente a los rieles del metro -- |
| -- |
La llamada que nunca se hará -- |
| -- |
¡Un hombre tan serio! -- |
| -- |
La nerviosa señora que no pudo hablar -- |
| -- |
Juegos de apariencia -- |
| -- |
Salió corriendo -- |
| -- |
Pa que no sea pendeja -- |
| -- |
Vámonos por aquí -- |
| -- |
No era mal vecino -- |
| -- |
Por computadora -- |
| -- |
Para mí no era tan malo -- |
| -- |
Un ladrón en el curso -- |
| -- |
En una voladora -- |
| -- |
En una película -- |
| -- |
Deportados y políticos -- |
| -- |
Entrenador -- |
| -- |
Último ladrón. |
| 650 #0 - PUNTO DE ACCESO ADICIONAL DE MATERIA--TÉRMINO DE MATERIA |
| Término de materia o nombre geográfico como elemento de entrada |
Cuentos dominicanos |
| 9 (RLIN) |
176 |
| 650 #0 - PUNTO DE ACCESO ADICIONAL DE MATERIA--TÉRMINO DE MATERIA |
| Término de materia o nombre geográfico como elemento de entrada |
Literatura dominicana. |
| 9 (RLIN) |
67 |
| 910 ## - DATOS DE OPCIÓN DEL USUARIO (OCLC) |
| Datos de opción del usuario |
Validado. Control de calidad. MMOLINA |